Представление документа в формате MARC21

Поле Инд. ПП Название Значение
Тип записи a
Библиографический уровень b
001 Контрольный номер RU/IS/BASE/441375592
005 Дата корректировки 20200522191632.5
008 Кодируемые данные 20131226
040 b Код языка каталог. rus
e Правила каталог. PSBO
041 0_ a Код языка текста rus
084 a Индекс другой классификации/Индекс ББК 60.82
100 1_ a Автор Кочелаба Ж.
100 1_ a Автор Сербулов А.
245 10 a Заглавие Значение принципа альтернативности в управлении предприятием
504 a Библиография Библиогр.
520 0_ a Аннотация Рассмотрено противоречивое свойство принципа альтернативности в управлнении. С одной стороны, он является причиной, препятствующей росту эффективности деятельности предприятий малого и среднего предпринимательства. С другой - является основой нового метода, позволяющего гибко решать проблему совершенствования деятельности предприятия.
650 14 a Основная рубрика социальное управление
a Основная рубрика управленческая деятельность
653 1_ a Ключевые слова альтернативность управления
a Ключевые слова конкурентоспособность предприятия
a Ключевые слова малое предпринимательство
a Ключевые слова менеджмент (управление предприятием)
a Ключевые слова микроэкономика
a Ключевые слова развитие предприятия
a Ключевые слова средний бизнес
a Ключевые слова стратегическое управление
a Ключевые слова теория управления
a Ключевые слова теория фирмы
a Ключевые слова эффективность предприятия
773 08 t Заглавие источника РИСК: ресурсы, информация, снабжение, конкуренция
d Дата издания источника 2012
g Прочая информация № 3. - С. 432 - 433
w Контрольный № источника RU/IS/BASE/407439363
901 t Тип документа b